Регионална библиотека "Любен Каравелов" - Русе

Психология (Запис номер 434795)

MARC детайли
000 -Лидер
Контролно поле с фиксирана дължина nam a22 a 4500
003 - Код на организацията, давaща контролен номер
Контролно поле BLK
005 - Дата и час на последна редакция
Контролно поле 20220131123836.0
008 - Елементи от данни с фиксирана дължина
fixed length control field 200311b bul|||||r ||||||| ||bul||
040 ## - Източник на каталожния запис
Идентификатор на билиотеката - собственик на записа BLK
041 ## - Код за език
Код за езика на текст/звукозапис или на отделно заглавие Български
Код за езика КДБФ Български
080 ## - УДК
Текстов определител УДК Психология
УДК код - определител по УДК 159.9
УДК определител (075.8)
УДК - код + определител 159.9(075.8)
100 ## - Редна дума - Автор
Автор Запорожец, Александър В.
Авторска отговорност първи автор
R(LIN) 369470
139 ## - Редно поле
Редна дума Запорожец, Александър В.
245 10 - Сведения за заглавието
Заглавие Психология
Подзаглавни данни Уч. пособие за педаг. у-ща за детски учителки
Редно поле (дума) Александър В. Запорожец; прев. от рус. Асен Македонов.
250 ## - Област на изданието
Сведения за изданието 3. изд.
257 ## - Страна на издаване
Страна на създаване/издаване България
260 ## - Област на издателските данни
Място на издаване, разпространение и проч. София
Име на издателя, разпространителя и проч. Нар. просв.
Година на издаване 1958
9 (RLIN) 216179
300 ## - Физическа характеристика
Страници 176 с.
Илюстрации и др. с ил., сн.
Размери/Мащаб 23 см
380 ## - Жанр
Жанр Философия
500 ## - Общи забележки
Забележка 1. изд. 1954. - 1 000 тир.
650 #0 - Допълнително описание по предмет – тема
Основно описание – тема или топоним Психология, педагогическа
9 (RLIN) 244349
653 #7 - Ключова дума – ненормативна
Ключова дума психология
9 (RLIN) 194871
653 #7 - Ключова дума – ненормативна
Ключова дума учебници за ВУЗ
9 (RLIN) 199104
700 ## - Други автори (авторска отговорност)
Лично име Македонов, Асен
Автороска отговорност (Описва отношението между автора и произведението) прев. от рус.
9 (RLIN) 278434
852 ## - Местоположение
Форматна сигнатура Цб 9962
Фондова буква Основен фонд - ползва се само за читалня
999 ## - СИСТЕМНИ КОНТРОЛНИ НОМЕРА
Koha biblionumber 434795
Koha biblioitemnumber 434795
942 ## - АРТИКУЛИ
Вид на библиотечния материал Книги
Скрит в OPAC Не
Периодичен библиозапис Да
944 ## - СЪЗДАВАНЕ И РЕДАКЦИЯ на ЗАПИСА
Създаване/Редакция Създаване
Дата на регистрацията/редакция 2021-10-27
Служител, извършил регистрацията/редакцията СТ
Наличности
Код за отписване Код за изгубен артикул Източник на класификационната схема Код за повреда Коз за рестрикции Код за отдаване Артикулен № Име на библиотеката - собственик Име на библиотеката, в която се намира в момента Статус (Текущо местоположение) Дата на вписване в системата Местоположение - отдел Цена в лева Инвентарен номер Систематично азбучна сигнатура Баркод Цена в евро Служебен тип на артикула
  Не е изгубен Universal Decimal Classification Не е повреден само за читалня ползва се в читалня 858987 Регионална библиотека "Любен Каравелов" Русе Регионална библиотека "Любен Каравелов" Русе Хранилище 2021-10-28 Основен фонд - ползва се само за читалня 0.44 4780/58 Цб 9962 900000080924 0.22 Книги
Vip Innovations Ltd, Rousse, Bulgaria 2025